[Event "Top 12 FRA-chT 2017"]
[Site "Chartres"]
[Date "2017.05.18"]
[Round "1"]
[White "Sulava, Nenad"]
[Black "Dionisi, Thomas"]
[Result "1-0"]
[WhiteElo "2468"]
[BlackElo "2392"]
[Annotator "TA"]
[PlyCount "93"]
[EventDate "2017.??.??"]
[EventType "team-tourn"]
[EventCountry "FRA"]
[SourceTitle "playchess.com"]
[Source "ChessBase"]
[SourceQuality "1"]
[WhiteTeam "Nice Alekhine"]
[BlackTeam "Bois-Colombes"]

{[%evp 9,93,15,18,18,16,8,16,14,18,0,10,11,19,31,34,11,9,16,16,8,15,4,13,0,0,-14,-7,-25,0,-16,-17,-9,0,0,0,0,2,0,41,31,66,74,67,61,106,101,100,52,119,127,130,80,78,63,63,51,75,58,122,2,110,125,141,150,193,191,168,110,106,106,293,293,285,285,271,247,235,250,232,235,279,283,328,330,330,325]} 1. Nf3 f5 2. c4 Nf6 3. g3 g6 4. b4 (4. d4 Bg7 5. Bg2 O-O 6. Nc3 d6 7. O-O Nc6 8. d5 Ne5 9. Nxe5 dxe5 10. Qb3 Kh8 11. Rd1 a6 12. c5 Rb8 13. Qa3 h6 14. b3 g5 15. Bb2 Qe8 16. d6 exd6 17. cxd6 cxd6 18. Rxd6 Qh5 19. Rad1 {1-0 (29) Bacrot,E (2689)-Shabalov,A (2563) London 2016}) 4... Bg7 5. Bb2 b6 6. Bg2 {A10: English Opening: Unusual Replies for Black} Bb7 7. O-O O-O $146 ({Predecessor:} 7... c5 8. Qb3 cxb4 9. Qxb4 Nc6 10. Qa4 Na5 11. d3 O-O {½-½ (41) Kaid,A (2275)-Rechel,B (2416) Birmingham 2006}) 8. d3 {The position is equal.} e6 9. Nbd2 Qe7 10. a4 Nc6 11. b5 Na5 12. Rc1 a6 13. Qc2 axb5 14. axb5 d6 15. Bc3 Nd7 16. d4 e5 17. e3 e4 18. Ne1 h5 {[%cal Bh7h5,Bh5h4][%mdl 32]} 19. Ra1 h4 20. Qd1 Qg5 21. Nc2 Nf6 22. Qe2 Rf7 23. Ra4 Bf8 24. Rfa1 {[%cal Rc3a5]} (24. Bxa5 $5 c6 25. Rfa1 (25. f4 exf3 26. Nxf3 Qh5 $11) 25... cxb5 26. cxb5 bxa5 27. Nc4 $14 (27. Rxa5 Rc8 $14)) 24... Rh7 25. Bxa5 bxa5 26. Rxa5 Rxa5 27. Rxa5 Qh6 28. Nf1 Bc8 (28... c6 $14) 29. Ra8 $16 Bd7 30. c5 Be6 31. b6 cxb6 $1 32. cxb6 {aiming for Qa6.} h3 33. Bh1 Bd5 {[#]} 34. Rc8 (34. Ra7 $1 $16) 34... Rb7 (34... Qh5 $1 $11 {remains equal.} 35. Qxh5 gxh5) 35. Qa6 $36 {[%mdl 2048] Nb4 is the strong threat. White is on the roll.} Qg7 {[#]} ({Wrong is} 35... Nd7 $2 36. Rc7 $18) 36. Nb4 $1 {[%cal Rb4d5]} Be6 37. Ra8 {[%cal Bc8a8,Ba8a7,Ba7a6][%mdl 32] Threatens to win with Ra7.} Qf7 {White should prevent ...Bc4.} 38. Nc6 ({White should try} 38. Nd2 $18) 38... Bc4 39. Qa5 Qd7 $2 (39... Bxf1 $16 {is a better defense.} 40. Nd8 Qb3 41. Nxb7 Bc4) 40. Nd8 $18 Nd5 41. Nxb7 Qxb7 42. Ra7 Qxb6 43. Qxb6 Nxb6 {[#]} 44. g4 $1 {[%cal Bg3g4,Bg4f5][%mdl 32]} Be6 (44... fxg4 45. Nd2) 45. f3 {White has a decisive advantage.} Nc8 46. Ra6 exf3 47. gxf5 {Precision: White = 56%, Black = 47%.} ({Don't take} 47. Bxf3 $6 fxg4 48. Be2 Kg7 $18) 1-0

[Event "Top 12 FRA-chT 2017"]
[Site "Chartres"]
[Date "2017.05.18"]
[Round "1"]
[White "Brunner, Nicolas"]
[Black "Bellahcene, Bilel"]
[Result "1/2-1/2"]
[WhiteElo "2459"]
[BlackElo "2452"]
[Annotator "TA"]
[PlyCount "86"]
[EventDate "2017.??.??"]
[EventType "team-tourn"]
[EventCountry "FRA"]
[SourceTitle "playchess.com"]
[Source "ChessBase"]
[SourceQuality "1"]
[WhiteTeam "Vandoeuvre"]
[BlackTeam "Tremblay-En-France"]

{[%evp 18,86,52,58,116,27,44,31,47,38,72,60,54,50,60,32,32,32,40,25,30,14,59,14,15,13,14,13,7,10,22,14,21,19,21,13,14,17,14,-29,-38,-106,-106,-106,-106,-106,-106,-106,-106,-106,-106,-106,-106,-106,-106,-106,-106,-106,-104,-104,-104,-104,-104,-104,-104,-104,0,-104,0,-104,0]} 1. d4 d5 2. c4 e6 3. Nf3 c6 4. Qc2 Bd6 5. Bg5 Ne7 6. e3 {D30: Queen's Gambit Declined: Systems without Nc3} f6 7. Bh4 Nf5 8. Bg3 Nxg3 9. hxg3 f5 10. Nc3 {LiveBook: 3 Games} O-O {[#]} (10... g6 $14) 11. Bd3 $146 (11. g4 $1 $16) ({Predecessor:} 11. g4 Qa5 12. gxf5 exf5 13. Qb3 Bb4 {1-0 (25) Khenkin,I (2633)-Markowski,T (2557) Polanica Zdroj 1999}) 11... h6 $11 12. a3 a5 13. Rb1 Qe7 14. Nh4 {Hoping for Ng6.} (14. g4 $5) 14... Qf6 15. f4 Bd7 16. c5 Bc7 $1 17. Nf3 Be8 18. Kf2 Qe7 19. b4 (19. Qb3 $5 {[%cal Rb3b7]} Ra7 20. Ne5 $11) 19... axb4 20. axb4 {[%cal Ba3b4,Bb4b5,Bb5b6][%mdl 32]} Nd7 {[%cal Bb8d7,Bd7f6,Bf6g4][%mdl 32]} 21. b5 Nf6 22. b6 $1 {[%cal Rb6c7]} Bb8 23. Kg1 Ng4 (23... Ne4 $5) 24. Nd1 g5 {[%cal Bg7g5,Bg5g4][%mdl 32]} 25. Qc1 Qg7 26. Ra1 Rxa1 27. Qxa1 Nf6 28. Nf2 Nh5 29. Rh3 ({White should play} 29. fxg5 $1 $15 hxg5 30. g4) 29... g4 $17 30. Rxh5 Bxh5 31. Nh4 Qf6 32. Be2 Rd8 33. Nd3 Qf8 34. Qc3 Be8 35. Qa3 Qe7 36. Qa1 Kg7 37. Qa3 h5 38. Qa5 Rc8 39. Kf2 Kf6 40. Ke1 Qd8 41. Kd2 Qe7 42. Ke1 $1 Qd8 43. Kd2 $1 Qe7 {Precision: White = 60%, Black = 54%.} (43... Kg7 $17 44. Bd1 Qf6) 1/2-1/2

[Event "Top 12 FRA-chT 2017"]
[Site "Chartres"]
[Date "2017.05.18"]
[Round "1"]
[White "Abergel, Thal"]
[Black "Nezar, Mustapha"]
[Result "1-0"]
[WhiteElo "2457"]
[BlackElo "2354"]
[Annotator "TA"]
[PlyCount "93"]
[EventDate "2017.??.??"]
[EventType "team-tourn"]
[EventCountry "FRA"]
[SourceTitle "playchess.com"]
[Source "ChessBase"]
[SourceQuality "1"]
[WhiteTeam "Tremblay-En-France"]
[BlackTeam "Vandoeuvre"]

{[%evp 14,93,0,-27,-12,-13,0,-14,37,29,36,21,50,43,46,48,52,58,60,68,74,50,47,17,72,15,22,14,35,-14,16,11,9,-10,-4,-6,0,0,0,-6,0,-41,-42,-42,-37,-26,-20,-58,-26,-71,-82,-93,-30,-26,-12,-11,-12,-9,0,0,0,0,64,59,364,354,543,534,810,828,29990,29991,29991,29992,29992,29993,29993,29994,29994,29995,29995,29996]} 1. Nf3 c5 2. g3 g6 3. Bg2 Bg7 4. c4 Nc6 5. O-O e5 6. Nc3 Nge7 7. d3 O-O 8. Nd5 d6 {A37: Symmetrical English vs ...g6: 4 Bg2 Bg7 5 Nf3} 9. Nd2 (9. Rb1 Nxd5 10. cxd5 Nb4 11. Qb3 a5 12. a4 Bg4 13. Qc4 Qd7 14. b3 Rfb8 15. Re1 b5 16. axb5 Bxf3 17. Bxf3 Qxb5 {½-½ (36) Mousavi,S (2319)-Azaladze,S (2482) Teheran 2014}) 9... Nxd5 10. cxd5 Nd4 (10... Nb4 $11) 11. e3 Nf5 $146 ({Predecessor:} 11... Nb5 12. Nc4 Nc7 13. a4 b6 14. f4 f6 15. Bd2 Rb8 16. Qc2 a5 17. Qb3 Na6 18. fxe5 fxe5 19. Rxf8+ Kxf8 {1-0 (40) Demeter,P (2348)-Ozeren,K Tatranske Zruby 2002}) 12. Rb1 a5 13. a4 Nh6 14. Nc4 Nf5 15. Qb3 Ra6 16. Bd2 Qc7 17. Bc3 Bd7 18. f4 exf4 (18... b5 $1 $11 19. axb5 a4) 19. Bxg7 ({White should try} 19. Rxf4 $16 Bh6 20. Rf3) 19... Nxg7 $11 20. Rxf4 ({But not} 20. exf4 Nf5 $17) 20... Qb8 21. Rbf1 b5 (21... Bxa4 $5 22. Qxa4 b5 $11) 22. axb5 Bxb5 23. Bh3 Bxc4 24. Qxc4 Ra7 25. Qc3 Re8 26. e4 Qb4 27. Qc2 (27. Qxb4 {is more complex.} cxb4 28. b3 Rea8 29. R4f2 Rc7 30. d4) 27... Qd4+ 28. Qf2 Qxf2+ 29. R4xf2 ({Don't play} 29. Kxf2 Rb8 $17) 29... Rb8 30. Ra1 Rb4 31. Ra2 Ne8 32. Rf1 Kf8 (32... Rd4 $17 33. Rf3 Rb4) 33. Rfa1 Nf6 34. Rxa5 Rxa5 35. Rxa5 Rxb2 {[%mdl 4096] Endgame KRB-KRN} 36. Ra6 Ne8 37. Bd7 {[#] Strongly threatening Ra8.} Ke7 (37... Nf6 $11 38. Bh3 Ne8) 38. Ra7 Kd8 $2 {[%mdl 8192]} ({Better is} 38... Rb8 $14) 39. Bc6 $18 Rb1+ (39... Nf6 $142 40. e5 Nxd5 41. exd6 Rb1+ 42. Kf2 Nc7 43. dxc7+ Kc8) 40. Kg2 Nf6 {intending ...Ng4.} 41. e5 {[%cal Be4e5,Be5d6][%mdl 32]} ({Weaker is} 41. Rxf7 Ng4 $16) 41... Ng4 42. exd6 {White mates.} Rb2+ 43. Kh3 Nf2+ 44. Kh4 Rb4+ 45. Kg5 f6+ 46. Kxf6 Ng4+ 47. Ke6 {Precision: White = 61%, Black = 39%.} 1-0

[Event "Top 12 FRA-chT 2017"]
[Site "Chartres"]
[Date "2017.05.18"]
[Round "1"]
[White "Brochet, Philippe"]
[Black "Sumets, Andrey"]
[Result "1/2-1/2"]
[WhiteElo "2409"]
[BlackElo "2566"]
[Annotator "TA"]
[PlyCount "135"]
[EventDate "2017.??.??"]
[EventType "team-tourn"]
[EventCountry "FRA"]
[SourceTitle "playchess.com"]
[Source "ChessBase"]
[SourceQuality "1"]
[WhiteTeam "Montpellier"]
[BlackTeam "Saint Quentin"]

{[%evp 11,135,0,0,2,34,20,43,48,52,57,108,108,105,95,118,107,177,176,185,93,108,98,107,107,106,91,96,95,116,110,112,118,106,104,103,76,110,107,74,93,97,101,108,114,108,89,91,64,75,89,88,73,112,53,43,50,133,134,134,135,174,158,145,139,212,194,207,132,139,133,135,137,283,252,212,139,160,79,91,66,143,131,114,0,0,0,0,0,0,0,135,129,152,0,143,125,217,77,83,0,0,0,0,0,0,0,0,0,0,0,0,0,0,0,0,0,0,0,0,0,0,0,0,0,0,0]} 1. e4 {[%cal Be2e4,Be4e5][%mdl 32]} c6 2. Nc3 d5 3. Nf3 Nf6 4. e5 Ne4 5. Nxe4 (5. Ne2 Qb6 6. d4 e6 7. Ng3 c5 8. Bd3 Nc6 9. Nxe4 dxe4 10. Bxe4 cxd4 11. O-O Bd7 12. a3 h6 13. Re1 {1-0 (71) Short,N (2675)-Caruana,F (2827) Caleta 2017}) 5... dxe4 6. Ng5 {B11: Caro-Kann: Two Knights Variation} Qd5 {LiveBook: 6 Games} 7. Qe2 Qxe5 8. Nxe4 {White is slightly better.} g6 $146 ({Predecessor:} 8... f5 9. Ng5 Qxe2+ 10. Bxe2 e6 11. d4 Bd6 12. O-O Ke7 {1-0 (37) Iskandarov,M (2405)-Ratkovic,M (2388) Khanty-Mansiysk 2015}) 9. d4 Qe6 10. Qe3 {Bc4! is the strong threat.} Bg7 (10... Bh6 $14 11. Qxh6 Qxe4+ 12. Qe3 Qxc2) 11. Bc4 $16 {[%cal Bf1c4,Bc4b3,Bb3d1,Bd1e2][%mdl 32]} Qd7 (11... Qxc4 $2 12. Nd6+ Kf8 13. Nxc4 $18) 12. c3 $1 b6 13. h4 Ba6 (13... h5 $16) 14. Bb3 $1 $18 h5 15. Qf3 (15. Ng5 $18 e6 16. Rh3) 15... Qf5 $16 16. Qxf5 gxf5 17. Ng3 e6 18. Bd1 Nd7 19. Nxh5 Bh6 20. Bxh6 Rxh6 21. Nf4 c5 22. Be2 Bb7 23. Bb5 cxd4 24. cxd4 O-O-O 25. Bxd7+ Kxd7 26. f3 Rc8 27. Kd2 Rc4 28. Ne2 f6 29. Rac1 Ra4 30. a3 Ba6 31. Rcd1 Kd6 32. h5 (32. g3 $16) 32... Bxe2 $1 $14 33. Kxe2 {[%mdl 4096] Endgame KRR-KRR} Kd5 (33... f4 $1 $14) 34. Ke3 $16 Rc4 35. Rd2 b5 36. g4 fxg4 37. fxg4 b4 (37... a5 $16 38. Kf4 Rxd4+ 39. Rxd4+ Kxd4 40. Rd1+ Kc4 41. Rc1+ Kd5) 38. axb4 $18 Rxb4 39. Rc1 f5 40. Kf4 fxg4 41. Kxg4 Rb8 (41... Rh7 $16 {is a better defense.} 42. Rc5+ Kd6) 42. Rc5+ Kd6 43. Rg5 Rf6 44. Rg6 (44. Rh2 $142) 44... Ke7 45. Rg7+ Kd6 (45... Rf7 $14 46. Rxf7+ Kxf7) 46. Kg5 $16 ({Much weaker is} 46. Rxa7 $6 Rg8+ 47. Kh4 Rf4+ 48. Kh3 Rf5 $11) 46... Rf1 47. Rh2 ({Don't play} 47. Rxa7 $6 Rg8+ 48. Kh6 Rh8+ 49. Rh7 Rg8 $11) ({Better is} 47. Rg2 $16) 47... Rg1+ $11 48. Kh6 Rh8+ 49. Rh7 Ra8 50. Rc2 {Black must now prevent Rcc7.} a5 (50... Rf8 $1 $11 {keeps the balance.} 51. Rxa7 Rh8+ 52. Rh7 Rf8) 51. Rcc7 $1 $16 {[%csl Gc7][%cal Rh7d7]} Kd5 52. Rhd7+ $1 Ke4 53. Kh7 Rg2 {[#]} (53... Rh1 $16) 54. Rb7 (54. b3 $1 $18) 54... Ra6 {[#]} 55. h6 (55. b4 $1 $16) 55... Rh2 $11 {The position is equal.} 56. Kg7 Rg2+ 57. Kh7 {aiming for Rg7.} Rh2 58. Ra7 Rxa7 59. Rxa7 {Threatens to win with b3.} Kxd4 {KR-KR} 60. Kg7 {And now h7 would win.} (60. Rxa5 Rxb2 61. Kg6 e5) 60... Rg2+ 61. Kf8 Rxb2 62. Rxa5 e5 63. h7 {Strongly threatening Rxe5!} Rh2 64. Kg7 Rg2+ 65. Kf6 Rf2+ 66. Ke6 Rh2 67. Rd5+ Kc4 68. Rxe5 {Precision: White = 59%, Black = 59%.} 1/2-1/2

[Event "Top 12 FRA-chT 2017"]
[Site "Chartres"]
[Date "2017.05.18"]
[Round "1"]
[White "Vitoux, Colomban"]
[Black "Barbini, Denis"]
[Result "1-0"]
[WhiteElo "2382"]
[BlackElo "2101"]
[Annotator "TA"]
[PlyCount "93"]
[EventDate "2017.??.??"]
[EventType "team-tourn"]
[EventCountry "FRA"]
[SourceTitle "playchess.com"]
[Source "ChessBase"]
[SourceQuality "1"]
[WhiteTeam "Strasbourg"]
[BlackTeam "Lisieux"]

{[%evp 10,93,17,-25,32,37,27,15,53,60,55,66,72,55,70,43,53,29,31,31,42,42,49,39,59,57,73,82,93,100,99,84,81,57,59,70,65,64,102,22,108,68,74,43,52,47,63,39,117,66,63,39,64,64,52,41,77,78,78,78,84,70,240,0,386,406,390,367,373,349,426,403,406,381,512,471,848,860,834,822,2083,1729,29988,29989,29989,-502]} 1. e4 e5 2. Nf3 Nc6 3. d4 exd4 4. Nxd4 Nf6 5. Nxc6 bxc6 6. Qd4 Qe7 {C45: Scotch Game} ({Better is} 6... d5 $11) (6... c5 7. Qd3 Bb7 8. Nc3 Qe7 9. Bg5 h6 10. Bxf6 Qxf6 11. O-O-O O-O-O 12. Nd5 Qe6 13. Qa3 Kb8 14. Qa5 {1-0 (29) Thorhallsson,T (2425)-Thorfinnsson,B (2449) Kopavogur 2012}) 7. Nc3 $14 Qb4 8. Be3 Qxd4 {The position is equal.} 9. Bxd4 Be7 10. O-O-O $146 ({Predecessor:} 10. e5 Nd5 11. e6 fxe6 12. Bxg7 Rg8 13. Bd4 Rb8 14. O-O-O {1-0 (38) Garcia Jimenez,F (2270)-Capellades Subirana,M (2212) Barcelona 2016}) 10... O-O 11. Bc4 {[%cal Bf1c4,Bc4b3,Bb3a4,Ba4c6][%mdl 32]} d6 12. f3 Be6 13. Bb3 (13. Ba6 $5 {[%cal Ra6b7]}) 13... Nd7 14. Ba4 c5 15. Be3 Nb6 16. Bc6 Rab8 {...Nc4 is the strong threat.} 17. b3 a6 18. Nd5 $36 {[%mdl 2048] Black is under strong pressure.} Bxd5 19. exd5 Bf6 20. Rhe1 Nc8 21. Bd2 Ne7 22. Ba5 $1 {[%cal Ra5c7]} Nxc6 23. dxc6 Rfc8 24. Re4 ({White should try} 24. c4 $16) 24... g6 (24... Bg5+ $1 $11 {keeps the balance.} 25. Kb1 f5) 25. a4 Bg5+ 26. Kb2 f5 27. Re2 Bf6+ 28. c3 {[%cal Bc2c3,Bc3b4][%mdl 32]} Kf7 (28... c4 $14) 29. Kc2 (29. g4 $1 $16) 29... h5 30. b4 {Threatens to win with bxc5.} cxb4 31. cxb4 Be5 32. g3 f4 33. gxf4 Bxf4 34. Kb3 g5 35. Kc4 Be5 $2 {[#]} (35... Ra8 $14) 36. Rd5 $2 (36. Rxe5 $1 $18 {[%mdl 512]} dxe5 37. Rd7+ Ke6 38. Bxc7 Rxc7 39. Rxc7) 36... h4 $2 {[%mdl 8192]} (36... Ke6 $1 $11 {and Black has nothing to worry.}) 37. Rexe5 $18 dxe5 {[%mdl 4096] Endgame KRR-KRB} 38. Rd7+ Ke6 39. Bxc7 Ra8 {intending ...Ra7.} 40. Kc5 Rf8 41. Rd6+ Ke7 42. Kd5 Rxf3 (42... Rf5 $142 43. Rd7+ Kf6 44. Bd8+ Kg6) 43. Rd7+ Ke8 44. Bxe5 Rd8 45. Ke6 Rxd7 46. cxd7+ Kd8 47. Kd5 $4 {[%mdl 40960] Precision: White = 65%, Black = 34%. . Sensor Board Error (Ke4/e5)?} (47. Bd4 {is the narrow road to win.} Kc7 {[#]} 48. Bb6+ $1 {[%mdl 512]} Kxb6 49. d8=Q+ Ka7 50. Qc7+ Ka8 51. Qc6+ Kb8 52. Qxf3) 1-0

[Event "Top 12 FRA-chT 2017"]
[Site "Chartres"]
[Date "2017.05.18"]
[Round "1"]
[White "Colin, Vincent"]
[Black "Rozentalis, Eduardas"]
[Result "1-0"]
[WhiteElo "2381"]
[BlackElo "2535"]
[Annotator "TA"]
[PlyCount "53"]
[EventDate "2017.??.??"]
[EventType "team-tourn"]
[EventCountry "FRA"]
[SourceTitle "playchess.com"]
[Source "ChessBase"]
[SourceQuality "1"]
[WhiteTeam "Lisieux"]
[BlackTeam "Strasbourg"]

{[%evp 9,53,15,14,12,7,-5,19,-7,9,-2,13,15,16,8,65,62,80,89,100,116,104,108,150,149,130,138,231,223,220,199,237,183,757,786,761,624,932,930,934,876,4994,2169,29997,29997,29998,29998]} 1. d4 Nf6 2. Bf4 d5 3. e3 c5 4. Nc3 (4. c3 Nc6 5. Nd2 e6 6. Ngf3 Bd6 7. Bg3 O-O 8. Bb5 a6 9. Bxc6 bxc6 10. Qa4 Rb8 11. Qa3 Bxg3 12. hxg3 cxd4 13. cxd4 a5 14. O-O Qb6 15. b3 Ba6 {1-0 (24) Carlsen,M (2840)-Anand,V (2779) Doha 2016}) 4... e6 5. Nb5 Na6 6. Nf3 {D00: 1 d4 d5: Unusual lines} Be7 7. c3 O-O 8. a4 {The position is equal.} Bd7 9. Ne5 Be8 $146 ({Predecessor:} 9... Bc6 10. Be2 Nd7 11. O-O Nxe5 12. Bxe5 {1-0 (64) Martinovic,S (2550)-Girya,O (2450) Tallinn 2016}) 10. Bd3 c4 11. Bc2 Bxb5 (11... Nb8 $11) 12. axb5 $14 Nc7 13. g4 $1 {[%cal Bg2g4,Bg4g5][%mdl 32]} Nxb5 14. g5 $1 $36 {[%cal Rg5f6][%mdl 2048] Keeping Black busy.} Ne4 {[%cal Bf6e4,Be4d6,Bd6f5][%mdl 32]} 15. h4 $1 {[%mdl 1024] White has strong compensation.} Ned6 {[#]} 16. Qg4 $1 ({Worse is} 16. Qh5 Nf5 $11) 16... Nf5 17. h5 Nbd6 {[#]} (17... f6 $16) 18. f3 $1 $18 Qb6 19. O-O-O Qa5 20. g6 fxg6 $2 (20... h6 21. gxf7+ Nxf7) 21. hxg6 h6 {[#]} 22. Bxh6 $1 {[%mdl 512]} gxh6 {[#]} (22... Nxh6 23. Qxe6+) 23. Rxh6 $1 {[%mdl 512] Threatening mate with Rh8+!} Bf6 {[#]} (23... Nxh6 24. Qxe6+) 24. g7 $1 {[%csl Gg7][%cal Rh6h8][%mdl 512]} Nxh6 (24... Nxg7 25. Bh7+) 25. Qg6 {[%csl Gc2][%cal Rg6h7]} Bxe5 26. Qh7+ Kf7 27. g8=Q+ {Precision: White = 77%, Black = 28%.} 1-0

[Event "Top 12 FRA-chT 2017"]
[Site "Chartres"]
[Date "2017.05.18"]
[Round "1"]
[White "Coursaget, Nicolas"]
[Black "Sanikidze, Tornike"]
[Result "0-1"]
[WhiteElo "2311"]
[BlackElo "2518"]
[Annotator "TA"]
[PlyCount "52"]
[EventDate "2017.??.??"]
[EventType "team-tourn"]
[EventCountry "FRA"]
[SourceTitle "playchess.com"]
[Source "ChessBase"]
[SourceQuality "1"]
[WhiteTeam "Lisieux"]
[BlackTeam "Strasbourg"]

{[%evp 14,52,6,-20,22,31,38,22,35,-12,0,2,0,-44,-63,-36,-49,-84,-85,-75,-89,-316,-313,-279,-312,-312,-313,-314,-306,-307,-306,-428,-420,-645,-640,-569,-548,-1093,-521,-505,-501]} 1. d4 Nf6 2. c4 e6 3. Nf3 d5 4. Nc3 dxc4 5. e3 a6 6. Bxc4 b5 7. Bd3 Bb7 8. a3 {LiveBook: 18 Games. D26: Queen's Gambit Accepted: 4 e3 e6 5 Bxc5 c5 sidelines} (8. b3 Nbd7 9. Bb2 c5 10. O-O Be7 11. Rc1 O-O 12. a4 b4 13. Nb1 cxd4 14. Nxd4 Nc5 15. Be2 Rc8 16. Nd2 Nfe4 17. Nxe4 Nxe4 18. Bf3 Rxc1 19. Qxc1 Qa8 {½-½ (34) Tomashevsky,E (2758)-Ghaem Maghami,E (2596) Berlin 2015}) 8... Nbd7 9. b4 Bd6 10. O-O {White is slightly better.} e5 {Threatens to win with ...e4.} 11. Ng5 exd4 $146 ({Predecessor:} 11... O-O 12. Nge4 Nxe4 13. Nxe4 Be7 14. Nc5 Nxc5 15. dxc5 e4 {0-1 (58) Krueger,R (1607)-Fleischer,M (1730) Plau am See 2007}) 12. exd4 O-O {[%cal Be8g8,Bg8f8,Bf8e7,Be7d7][%mdl 32]} 13. f4 Nb6 14. Kh1 Re8 15. Qc2 {[%cal Rd3h7]} h6 16. Bh7+ Kf8 17. Nge4 $2 ({Don't go for} 17. Nxf7 $2 Kxf7 18. Bg6+ Kg8 $19) (17. Nf3 $17) 17... Nxh7 $19 18. Nxd6 Qxd6 19. Qxh7 Qc6 {[%csl Gb7][%cal Rc6g2]} ({Much less strong is} 19... Qxd4 20. Bb2 $19) 20. Qh8+ Ke7 {[%csl Gb7][%cal Rc6g2]} 21. Qxg7 Qxc3 22. f5 {Strongly threatening Bg5+!} Bd5 (22... Qxa1 $2 23. Bg5+ $1 {[%mdl 512]} hxg5 24. Rxa1 $19) 23. Bf4 (23. Qg3 $142 Qxg3 24. hxg3) 23... Rg8 {Black is clearly winning.} 24. Qe5+ Kd7 25. Rfc1 Rxg2 (25... Bxg2+ $142 26. Kg1 Be4+ 27. Bg3 {[#]} Rxg3+ $1 {[%mdl 512]} 28. Qxg3 Qxd4+ 29. Kf1 Bd3+ 30. Kg2 Nd5) 26. Rxc3 Rg4+ {Precision: White = 30%, Black = 53%.} 0-1

[Event "Top 12 FRA-chT 2017"]
[Site "Chartres"]
[Date "2017.05.18"]
[Round "1"]
[White "Ouakhir, Pierre Mehdi"]
[Black "Marcelin, Cyril"]
[Result "1/2-1/2"]
[WhiteElo "2277"]
[BlackElo "2472"]
[Annotator "TA"]
[PlyCount "86"]
[EventDate "2017.??.??"]
[EventType "team-tourn"]
[EventCountry "FRA"]
[SourceTitle "playchess.com"]
[Source "ChessBase"]
[SourceQuality "1"]
[WhiteTeam "Montpellier"]
[BlackTeam "Saint Quentin"]

{[%evp 10,86,38,25,33,25,15,1,8,14,17,21,22,22,22,23,112,95,95,60,72,79,74,72,125,133,126,128,127,125,125,103,98,89,152,96,96,98,97,105,119,65,83,83,83,83,83,83,91,83,83,83,83,83,91,91,91,83,91,91,91,91,91,91,91,91,91,62,91,91,91,91,91,80,80,80,80,80,87]} 1. d4 g6 2. c4 Bg7 3. Nc3 d6 4. e4 e5 5. d5 a5 6. g3 {LiveBook: 4 Games. A42: Modern Defence: Averbakh Variation} (6. Be2 Na6 7. Nf3 Nf6 8. Be3 Ng4 9. Bg5 f6 10. Bd2 f5 11. exf5 Bxf5 12. Ng5 Nf6 13. g4 Bd7 {0-1 (74) Swayams,M (2450)-Jones,G (2676) Sharjah 2017}) 6... Na6 7. Bg2 f5 8. Nge2 {[%cal Bg1e2,Be2c3,Bc3e4][%mdl 32] The position is equal.} Nc5 9. O-O $146 ({Predecessor:} 9. h3 Nf6 10. exf5 gxf5 11. O-O O-O 12. Be3 Bd7 13. Rc1 b6 {0-1 (39) Amura,C (2380)-Quinteros,M (2505) San Fernando 1993}) 9... Nxe4 10. Nxe4 fxe4 11. Nc3 $36 {[%mdl 2048] White is more active.} Nf6 12. Bg5 h6 (12... Qd7 $11 {remains equal.}) 13. Bxf6 $1 $16 Qxf6 14. Nxe4 Qe7 15. c5 O-O 16. Rc1 dxc5 (16... Qd8 $142) 17. Rxc5 Bf5 {[#] ...Bxe4 is the strong threat.} 18. Qc2 c6 19. dxc6 bxc6 20. Rxc6 Rac8 21. Rc1 Kh7 (21... Rxc6 $142 22. Qxc6 Qb4) 22. Rxc8 (22. Qe2 $142) 22... Rxc8 23. Qd2 Rxc1+ 24. Qxc1 Qb4 25. Qd2 (25. a3 $16 Qa4 26. Nc3) 25... Bxe4 26. Qxb4 axb4 27. Bxe4 $14 {[%mdl 4096] Endgame KB-KB} Bf8 28. Kf1 Bc5 29. Ke2 Kg7 30. f3 Kf6 31. Kd3 g5 32. Kc4 Be7 33. Kb3 h5 34. a4 {[#] Threatens to win with Kc4.} bxa3 35. bxa3 Ke6 36. a4 {[%cal Ba3a4,Ba4a5,Ba5a6][%mdl 32]} Bc5 37. a5 Kd6 38. a6 h4 39. Kc4 {White is better.} hxg3 40. hxg3 Bf2 41. Kd3 Kc7 42. Ke2 Bc5 43. Bd5 Kb6 {Precision: White = 51%, Black = 59%.} 1/2-1/2

[Event "Top 12 FRA-chT 2017"]
[Site "Chartres"]
[Date "2017.05.18"]
[Round "1"]
[White "Dubois, Jean-Marie"]
[Black "Leconte, Maria"]
[Result "0-1"]
[WhiteElo "2255"]
[BlackElo "2174"]
[Annotator "TA"]
[PlyCount "40"]
[EventDate "2017.??.??"]
[EventType "team-tourn"]
[EventCountry "FRA"]
[SourceTitle "playchess.com"]
[Source "ChessBase"]
[SourceQuality "1"]
[WhiteTeam "Montpellier"]
[BlackTeam "Saint Quentin"]

{[%evp 11,40,35,42,3,7,11,8,6,10,8,39,23,19,11,39,24,59,-110,-111,-121,-112,-160,-150,-403,-381,-385,-387,-392,-392,-650,-647]} 1. d4 Nf6 2. c4 e6 3. Nc3 Bb4 4. e3 Nc6 5. Nge2 d5 6. a3 Be7 {LiveBook: 43 Games} 7. Nf4 {E40: Nimzo-Indian: Rubinstein (4 e3): Unusual Black 4th moves} dxc4 8. Bxc4 e5 9. Nfe2 {The position is equal.} O-O 10. O-O Bg4 11. f3 $146 ({Predecessor:} 11. d5 Nb8 12. f3 Bh5 13. Ng3 Bg6 14. Kh1 {1-0 (51) Lipka,J (2410)-Husek,Z (2250) Slovakia 2002}) 11... exd4 12. exd4 Bh5 (12... Be6 $5 {[%cal Re6c4]} 13. d5 Ne5 $11) 13. Be3 Bd6 14. Ne4 $2 (14. Qd2 $14 {keeps the upper hand.}) 14... Nxe4 $17 15. fxe4 {[#]} Qh4 $1 {[%csl LRe4,LRh2]} 16. g3 Qxe4 17. Qd2 $2 (17. Bf2 $17) 17... Rae8 18. Nf4 Bxf4 ({Not} 18... Qxe3+ 19. Qxe3 Rxe3 20. Nxh5 $19) 19. Bxf4 Nxd4 20. Qd3 $2 {[#]} (20. h4) 20... Ne2+ {Precision: White = 23%, Black = 52%.} 0-1